[Event "Barcelona Rubi op-B 5th"]
[Site "Barcelona"]
[Date "2004.04.??"]
[Round "3"]
[White "Garcia Leon, Pol"]
[Black "Diaz Torondell, Marc Antoni"]
[Result "0-1"]
[WhiteElo "1700"]
[BlackElo "1740"]
[PlyCount "85"]
[EventDate "2004.04.25"]
[EventType "swiss"]
[EventRounds "7"]
[EventCountry "ESP"]
[SourceTitle "EXT 2007"]
[Source "ChessBase"]
[SourceDate "2006.11.23"]
[SourceVersion "1"]
[SourceVersionDate "2006.11.23"]
[SourceQuality "1"]

1. e4 c6 2. f4 d5 3. Nc3 dxe4 4. Nxe4 Bf5 5. Bd3 e6 6. Nf3 Nd7 7. 0-0 Bxe4 8. Bxe4 Nc5 9. Ng5 h6 10. Qh5 Qe7 11. Qxf7+ Qxf7 12. Nxf7 Kxf7 13. d3 Nxe4 14. dxe4 Bc5+ 15. Kh1 Nf6 16. e5 Ng4 17. h3 Ne3 18. Bxe3 Bxe3 19. Rad1 Rhd8 20. Rd3 Rxd3 21. cxd3 Rd8 22. Rd1 Ke7 23. g4 Bxf4 24. Kg2 Bxe5 25. Rd2 g5 26. Kf3 c5 27. b3 b5 28. Ke4 Bf4 29. Rc2 Rd4+ 30. Kf3 Rxd3+ 31. Ke2 Rxh3 32. Rxc5 Rh2+ 33. Kd3 a6 34. a4 bxa4 35. bxa4 Rh3+ 36. Kc4 Rh1 37. Ra5 Rc1+ 38. Kd4 Rc6 39. Rc5 Kd7 40. Rc3 Be5+ 41. Kxe5 Rxc3 42. Kd4 Ra3 43. Ke5 0-1